000 00494nam a2200181Ia 4500
999 _c28490
_d28490
003 OSt
005 20201111093927.0
008 190216s9999||||xx |||||||||||||| ||und||
020 _a8130001570
040 _coclc
082 _a894.8123
_bURO/K
100 _aUroob
_96421
245 0 _aKunhammayum Koottukarum /
_cUroob
260 _bPoorna Publications,
_c1997.
_aKozhikode:
300 _a108p
650 _aNovel
942 _cBK
_2ddc
_h894.8123
_iURO/K
_k894.8123
_mURO/K